000 00479nam a2200181Ia 4500
001 4047
005 20260306145727.0
008 260306t2014||||xx |||||||||||||| ||spa||
041 _aESP
082 _a306.85
_bG66
100 _aGonzález, Óscar
_eAUT
245 0 _aFamilia y escuela, escuela y familia:
_bguía para que padres y docentes nos entendamos
260 _c2014
300 _a263 páginas :
_c21 cm.
650 _aGEN
654 _aCED
942 _cLIB
_dJUS
_fJUS
_2ddc
_n
999 _c4047
_d4047